[Event "34th European Club Cup 2018"]
[Site "Halkidiki"]
[Date "2018.10.16"]
[Round "5"]
[White "Van Twillert, Laurents"]
[Black "Tsarouhas, Konstantinos"]
[Result "1-0"]
[WhiteElo "2117"]
[BlackElo "2154"]
[Annotator "TA"]
[PlyCount "41"]
[EventDate "2018.10.12"]
[EventType "team-tourn"]
[EventCountry "GRE"]
[SourceTitle "playchess.com"]
[Source "ChessBase"]
[SourceQuality "1"]
[WhiteTeam "En Passant"]
[BlackTeam "Chania CA"]

1. e4 c5 2. Nf3 e6 3. Qe2 Nc6 4. g3 g5 5. h3 Bg7 6. d3 h6 7. c3 b5 8. Be3 d6 9. d4 cxd4 10. cxd4 Rb8 11. Bg2 d5 12. exd5 Qxd5 13. O-O Nge7 14. Nc3 Qc4 15. Qd2 O-O 16. Rfc1 Qb4 17. a3 Qb3 18. h4 g4 19. Nh2 h5 20. Ne4 f5 21. Nc5 1-0

[Event "34th European Club Cup 2018"]
[Site "Halkidiki"]
[Date "2018.10.16"]
[Round "5"]
[White "Arnott, Jonathan W"]
[Black "Rathlev, Jakob"]
[Result "1-0"]
[WhiteElo "2116"]
[BlackElo "2263"]
[Annotator "TA"]
[PlyCount "93"]
[EventDate "2018.10.12"]
[EventType "team-tourn"]
[EventCountry "GRE"]
[SourceTitle "playchess.com"]
[Source "ChessBase"]
[SourceQuality "1"]
[WhiteTeam "White Rose"]
[BlackTeam "Jetsmark"]

1. e4 d5 2. exd5 Qxd5 3. Nc3 Qa5 4. Nf3 Nf6 5. Bc4 Bg4 6. Qe2 e6 7. Ne4 Nbd7 8. h3 Bf5 9. Nxf6+ Nxf6 10. Nd4 Be4 11. O-O O-O-O 12. c3 Qg5 13. f4 Qg3 14. d3 Bd5 15. Bxd5 Nxd5 16. Rf3 Qh4 17. Bd2 Bc5 18. Kh1 Bxd4 19. cxd4 g6 20. Rc1 Qe7 21. Bc3 h5 22. Qe5 Qd6 23. Re1 h4 24. Re4 Rh5 25. Qxd6 Rxd6 26. Re5 Rh8 27. Be1 Rc6 28. Kg1 Rc2 29. Rf2 Rxf2 30. Bxf2 Nxf4 31. Re4 Nxd3 32. Bxh4 Nxb2 33. Bf6 Rh5 34. d5 e5 35. g4 Rxh3 36. Rxe5 c5 37. Re8+ Kd7 38. Rd8+ Kc7 39. d6+ Kc6 40. Bxb2 Re3 41. Bf6 Rg3+ 42. Kf2 Rxg4 43. Be5 Re4 44. Rc8+ Kd7 45. Rc7+ Ke8 46. d7+ Kf8 47. d8=Q# 1-0

[Event "34th European Club Cup 2018"]
[Site "Halkidiki"]
[Date "2018.10.16"]
[Round "5"]
[White "Zymberi, Astrit"]
[Black "Novik, Maxim"]
[Result "1/2-1/2"]
[WhiteElo "2115"]
[BlackElo "2461"]
[Annotator "TA"]
[PlyCount "97"]
[EventDate "2018.10.12"]
[EventType "team-tourn"]
[EventCountry "GRE"]
[SourceTitle "playchess.com"]
[Source "ChessBase"]
[SourceQuality "1"]
[WhiteTeam "Drejtesia"]
[BlackTeam "Overtime"]

1. d4 Nf6 2. c4 g6 3. f3 c5 4. d5 e6 5. e4 exd5 6. cxd5 d6 7. Ne2 b5 8. a4 b4 9. Bg5 Bg7 10. Ng3 h6 11. Be3 O-O 12. Nd2 Nbd7 13. Nc4 Nb6 14. Qd2 Kh7 15. a5 Nxc4 16. Bxc4 Nd7 17. O-O Ne5 18. Be2 h5 19. h3 h4 20. Nh1 f5 21. f4 Nf7 22. e5 dxe5 23. Bxc5 Re8 24. fxe5 Bxe5 25. Bxb4 Rb8 26. Rfd1 Rxb4 27. Qxb4 Bd6 28. Qd2 Bc5+ 29. Kf1 Qd6 30. Ra4 g5 31. Bb5 Be3 32. Qd3 Re7 33. Re1 Qe5 34. Rxe3 Qxe3 35. Qxe3 Rxe3 36. Rc4 Rb3 37. Rxc8 Rxb5 38. Rc7 Kg6 39. Rxa7 Rxb2 40. Ra6+ Kg7 41. Nf2 Rd2 42. Rb6 Rxd5 43. a6 Ne5 44. Ke2 Ra5 45. Nd1 Ra2+ 46. Kf1 Ra1 47. Ke2 Ra2+ 48. Kf1 Ra1 49. Ke1 1/2-1/2

[Event "34th European Club Cup 2018"]
[Site "Halkidiki"]
[Date "2018.10.16"]
[Round "5"]
[White "Jashari, Ardian"]
[Black "Wambach, Patrick"]
[Result "1/2-1/2"]
[WhiteElo "2113"]
[BlackElo "1958"]
[Annotator "NA RC"]
[PlyCount "130"]
[EventDate "2018.10.12"]
[EventType "team-tourn"]
[EventCountry "GRE"]
[SourceTitle "playchess.com"]
[Source "ChessBase"]
[SourceQuality "1"]
[WhiteTeam "Dardania"]
[BlackTeam "Echternach"]

1. e4 d6 2. d4 Nf6 3. Nc3 g6 4. Bg5 Bg7 5. Qd2 c6 6. Bh6 Bxh6 7. Qxh6 Qa5 8. Bd3 c5 9. dxc5 Qxc5 10. h3 Nc6 11. Nf3 Bd7 12. a3 Nd4 13. Nxd4 Qxd4 14. O-O Bc6 15. Rfe1 O-O-O 16. Rad1 Qc5 17. Na2 g5 18. e5 dxe5 19. b4 Qb6 20. Rxe5 Ne4 21. Rf1 Qc7 22. Rxe4 Bxe4 23. Bxe4 Qc4 24. Bf3 Qxa2 25. Qxg5 Qc4 26. Qxe7 Qc7 27. Qh4 Kb8 28. c4 Qe5 29. Bd5 f6 30. f4 Qe3+ 31. Kh2 Qxa3 32. Qxf6 Qxb4 33. Qf5 Qd6 34. Qe4 b6 35. Kh1 Rde8 36. Qc2 Re7 37. f5 Rf8 38. Rd1 Qe5 39. g4 Qg3 40. Qh2 Qxh2+ 41. Kxh2 Re2+ 42. Kg3 Re3+ 43. Kh4 h6 44. Rh1 a5 45. Kh5 Rf6 46. h4 Re5 47. Bg8 a4 48. Ra1 Ra5 49. Bh7 a3 50. g5 hxg5 51. hxg5 Rc6 52. Bg6 a2 53. Bf7 Rxf5 54. Bd5 Rc5 55. Kg4 Rfxd5 56. cxd5 Rxd5 57. Rxa2 Kb7 58. g6 Rd8 59. Kf5 Kc6 60. g7 Kc5 61. Ke5 b5 62. Rc2+ Kb4 63. Rf2 Rg8 64. Rf7 Kb3 65. Rb7 b4 1/2-1/2

[Event "34th European Club Cup 2018"]
[Site "Halkidiki"]
[Date "2018.10.16"]
[Round "5"]
[White "Schartz, Alain"]
[Black "Hove, Esben Kjems"]
[Result "0-1"]
[WhiteElo "2107"]
[BlackElo "2286"]
[Annotator "TA"]
[PlyCount "132"]
[EventDate "2018.10.12"]
[EventType "team-tourn"]
[EventCountry "GRE"]
[SourceTitle "playchess.com"]
[Source "ChessBase"]
[SourceQuality "1"]
[WhiteTeam "Dudelange"]
[BlackTeam "Nordkalotten"]

1. e4 c6 2. d4 d5 3. Nc3 dxe4 4. Nxe4 Bf5 5. Ng3 Bg6 6. h4 h6 7. Nf3 Nd7 8. h5 Bh7 9. Bd3 Bxd3 10. Qxd3 Ngf6 11. Bd2 e6 12. O-O-O Be7 13. Ne4 Nxe4 14. Qxe4 Nf6 15. Qe2 Qd5 16. c4 Qe4 17. Qxe4 Nxe4 18. Be3 O-O 19. Ne5 Rfd8 20. g4 c5 21. dxc5 Bxc5 22. Bxc5 Nxc5 23. Kc2 f6 24. Nd3 Rd4 25. b3 Nxd3 26. Rxd3 Rxg4 27. Rd7 Rg2 28. Rxb7 Rxf2+ 29. Kc3 Rf5 30. Re7 e5 31. c5 Kf8 32. Rb7 Rc8 33. b4 a5 34. a3 Rg5 35. Kc4 e4 36. Kb5 axb4 37. axb4 e3 38. Kb6 e2 39. c6 Re5 40. Re1 f5 41. Rd7 f4 42. Rd4 f3 43. Rf4+ Ke7 44. c7 Kd7 45. Rf7+ Re7 46. Rxf3 Rxc7 47. Rd3+ Kc8 48. Rd2 Re6+ 49. Ka5 Rce7 50. Rd5 Kb7 51. b5 Re3 52. Rd2 R3e5 53. Rc2 Re3 54. Rd2 R3e4 55. Rd5 R4e5 56. Rd2 Ka7 57. Rb2 Kb8 58. Ka4 Re4+ 59. Ka5 R7e6 60. Rc2 R6e5 61. Rb2 Re3 62. Ka4 Kc7 63. Ka5 R5e4 64. Ra2 Kb7 65. Raa1 Rd4 66. Ra2 Re8 0-1

[Event "34th European Club Cup 2018"]
[Site "Halkidiki"]
[Date "2018.10.16"]
[Round "5"]
[White "Schmidt, Martin"]
[Black "Marzano, Carlo"]
[Result "1-0"]
[WhiteElo "2100"]
[BlackElo "2233"]
[Annotator "TA"]
[PlyCount "57"]
[EventDate "2018.10.12"]
[EventType "team-tourn"]
[EventCountry "GRE"]
[SourceTitle "playchess.com"]
[Source "ChessBase"]
[SourceQuality "1"]
[WhiteTeam "Dublin"]
[BlackTeam "Lazio ASD"]

1. e4 e5 2. Nf3 Nc6 3. Bb5 a6 4. Ba4 Nf6 5. O-O b5 6. Bb3 Bb7 7. d3 Bc5 8. Nc3 d6 9. a4 Na5 10. Ba2 b4 11. Ne2 h6 12. c3 Rb8 13. Ng3 O-O 14. Nf5 Kh7 15. Nxh6 b3 16. Ng5+ Kg6 17. Nf5 Rh8 18. Qf3 Bc8 19. Bb1 Nc6 20. Qg3 Nh5 21. Nh4+ Kf6 22. Qf3+ Nf4 23. g3 Kxg5 24. d4 Ba7 25. Bxf4+ exf4 26. Qxf4+ Kh5 27. Qxf7+ Kg4 28. Kg2 Rxh4 29. Qg6+ 1-0

[Event "34th European Club Cup 2018"]
[Site "Halkidiki"]
[Date "2018.10.16"]
[Round "5"]
[White "Jap Tjoen San, Linda"]
[Black "Kathstede, Gerd"]
[Result "1-0"]
[WhiteElo "2086"]
[BlackElo "2008"]
[Annotator "NA RC"]
[PlyCount "117"]
[EventDate "2018.10.12"]
[EventType "team-tourn"]
[EventCountry "GRE"]
[SourceTitle "playchess.com"]
[Source "ChessBase"]
[SourceQuality "1"]
[WhiteTeam "Leiden"]
[BlackTeam "Aachen"]

1. e4 c5 2. Nf3 d6 3. d4 cxd4 4. Nxd4 Nf6 5. Nc3 g6 6. f3 Bg7 7. Be3 O-O 8. Qd2 Nc6 9. O-O-O Nxd4 10. Bxd4 Be6 11. Kb1 Re8 12. g4 Qa5 13. g5 Nd7 14. Bxg7 Kxg7 15. h4 Rac8 16. a3 Rc6 17. Qd4+ Kg8 18. Bb5 Rb6 19. a4 Rxb5 20. Nxb5 a6 21. Nc3 Rc8 22. h5 Rc4 23. Qe3 b5 24. hxg6 fxg6 25. Qd2 Nf8 26. Nd5 Qd8 27. axb5 axb5 28. b3 Rc5 29. Qb4 Kf7 30. Nf4 Qc8 31. Nxe6 Kxe6 32. Rh2 Rxg5 33. f4 Rc5 34. Kb2 Kf7 35. Rd5 h5 36. Rxc5 Qxc5 37. Qxc5 dxc5 38. Kc3 Ne6 39. Rf2 h4 40. Kd3 Kf6 41. Ke3 g5 42. e5+ Kf5 43. fxg5+ Kxe5 44. g6 h3 45. Rh2 Kf6 46. Rxh3 Kxg6 47. Rf3 Nd4 48. Rf2 e6 49. Ke4 Nf5 50. Ke5 Kf7 51. Rxf5+ exf5 52. Kxf5 c4 53. b4 c3 54. Ke5 Kg6 55. Kd5 Kf5 56. Kc5 Kf4 57. Kxb5 Ke3 58. Kc4 Kd2 59. Kb3 1-0

[Event "34th European Club Cup 2018"]
[Site "Halkidiki"]
[Date "2018.10.16"]
[Round "5"]
[White "Georgakopoulos, Nikolaos K."]
[Black "Reichardt, Robin"]
[Result "1-0"]
[WhiteElo "2085"]
[BlackElo "1993"]
[Annotator "NA RC"]
[PlyCount "61"]
[EventDate "2018.10.12"]
[EventType "team-tourn"]
[EventCountry "GRE"]
[SourceTitle "playchess.com"]
[Source "ChessBase"]
[SourceQuality "1"]
[WhiteTeam "Chania CA"]
[BlackTeam "En Passant"]

1. e4 e5 2. Nf3 Nc6 3. Bb5 a6 4. Ba4 Nf6 5. d3 d6 6. c3 g6 7. h3 Bg7 8. Be3 O-O 9. O-O Bd7 10. Nbd2 Nh5 11. d4 b5 12. Bc2 exd4 13. cxd4 Nb4 14. a3 Nxc2 15. Qxc2 Rc8 16. Rac1 Qe7 17. Rfe1 Rfe8 18. b4 Qf8 19. Bg5 h6 20. Be3 f5 21. exf5 Bxf5 22. Qc6 Bd3 23. Rc3 Bc4 24. Nxc4 bxc4 25. Qxc4+ Kh7 26. Qxa6 Re7 27. Rec1 c5 28. Qxd6 Rce8 29. bxc5 Re6 30. Qxf8 Bxf8 31. d5 1-0

[Event "34th European Club Cup 2018"]
[Site "Halkidiki"]
[Date "2018.10.16"]
[Round "5"]
[White "Mossong, Hubert"]
[Black "Kristensen, Kaare Hove"]
[Result "1/2-1/2"]
[WhiteElo "2076"]
[BlackElo "2347"]
[Annotator "TA"]
[PlyCount "86"]
[EventDate "2018.10.12"]
[EventType "team-tourn"]
[EventCountry "GRE"]
[SourceTitle "playchess.com"]
[Source "ChessBase"]
[SourceQuality "1"]
[WhiteTeam "Dudelange"]
[BlackTeam "Nordkalotten"]

1. e4 c5 2. Nc3 g6 3. g3 Bg7 4. Bg2 Nc6 5. d3 d6 6. Be3 e5 7. Qd2 Nge7 8. Nge2 O-O 9. O-O Nd4 10. f4 Bg4 11. h3 Nxe2+ 12. Nxe2 Be6 13. c4 Qd7 14. Kh2 Rad8 15. Rf2 b5 16. Rc1 f5 17. b3 fxe4 18. dxe4 bxc4 19. bxc4 Nc6 20. f5 Bf7 21. g4 Rfe8 22. Ng3 Qc7 23. Bh6 Rb8 24. f6 Bxh6 25. Qxh6 Be6 26. Nf5 Rb7 27. Ng7 Qf7 28. Nxe8 Qxe8 29. Bf1 Rf7 30. Rb1 Qd8 31. g5 Qa5 32. Rfb2 Nb4 33. Qh4 Qa6 34. Qf2 Rd7 35. Rc1 Kf7 36. h4 Qa3 37. Qd2 Qf3 38. Bg2 Qg4 39. Rc3 Qxh4+ 40. Kg1 Nc6 41. Qe3 Qg4 42. Qg3 Qxg3 43. Rxg3 Bxc4 1/2-1/2

[Event "34th European Club Cup 2018"]
[Site "Halkidiki"]
[Date "2018.10.16"]
[Round "5"]
[White "Kalaitzoglou, Panayotis"]
[Black "Ruchko, Denis"]
[Result "1-0"]
[WhiteElo "2071"]
[BlackElo "1908"]
[Annotator "NA RC"]
[PlyCount "79"]
[EventDate "2018.10.12"]
[EventType "team-tourn"]
[EventCountry "GRE"]
[SourceTitle "playchess.com"]
[Source "ChessBase"]
[SourceQuality "1"]
[WhiteTeam "Chania CC"]
[BlackTeam "Ballinasloe"]

1. e4 c6 2. d4 d5 3. exd5 cxd5 4. c4 Nf6 5. Nc3 Nc6 6. Bg5 e6 7. Nf3 Be7 8. c5 O-O 9. Bb5 Bd7 10. O-O b6 11. Bxc6 Bxc6 12. Ne5 Qc7 13. b4 bxc5 14. bxc5 h6 15. Bf4 Qc8 16. Rb1 Nd7 17. Re1 Nxe5 18. Bxe5 Qd8 19. Nb5 Qa5 20. Qg4 g6 21. Nc7 Rab8 22. Rbd1 Ba4 23. Rc1 Rb2 24. Bf4 Bc2 25. Nxd5 Bd8 26. Ne3 Bf5 27. Nxf5 exf5 28. Qg3 Bf6 29. Be5 Bxe5 30. Qxe5 Qxa2 31. Qe3 Rc8 32. Ra1 Qd5 33. Rxa7 Rb4 34. Rd1 Rxc5 35. Qe8+ Kg7 36. Ra8 Kf6 37. Ra6+ Kg7 38. Ra8 Kf6 39. h4 Rc7 40. Re1 1-0

[Event "34th European Club Cup 2018"]
[Site "Halkidiki"]
[Date "2018.10.16"]
[Round "5"]
[White "Ho, Conrad"]
[Black "Grubert, Christian"]
[Result "0-1"]
[WhiteElo "2056"]
[BlackElo "2148"]
[Annotator "NA"]
[PlyCount "76"]
[EventDate "2018.10.12"]
[EventType "team-tourn"]
[EventCountry "GRE"]
[SourceTitle "playchess.com"]
[Source "ChessBase"]
[SourceQuality "1"]
[WhiteTeam "White Rose"]
[BlackTeam "Jetsmark"]

1. e4 c5 2. Nc3 g6 3. Nf3 Bg7 4. d4 cxd4 5. Nxd4 Nc6 6. Nde2 Nf6 7. g3 O-O 8. Bg2 d6 9. O-O Bd7 10. h3 Rc8 11. Be3 Na5 12. a4 a6 13. Ra2 Nc4 14. Bc1 Bc6 15. b3 Nb6 16. Bg5 h6 17. Be3 e6 18. a5 Na8 19. Qd2 Kh7 20. Rd1 Ne8 21. Na4 Qe7 22. c4 f5 23. c5 d5 24. exd5 exd5 25. Nd4 Nf6 26. b4 Ne4 27. Qc1 Rce8 28. Nb6 Nxb6 29. Nxc6 bxc6 30. axb6 Nc3 31. Rxa6 Ne2+ 32. Kh2 Nxc1 33. Ra7 Qe6 34. Bxc1 Ra8 35. Rc7 Rf7 36. b7 Rb8 37. Rxc6 Qxc6 38. Bxd5 Qa4 0-1

[Event "34th European Club Cup 2018"]
[Site "Halkidiki"]
[Date "2018.10.16"]
[Round "5"]
[White "Drzasga, Michael"]
[Black "Hamiti, Gani"]
[Result "1/2-1/2"]
[WhiteElo "2042"]
[BlackElo "2149"]
[Annotator "TA"]
[PlyCount "97"]
[EventDate "2018.10.12"]
[EventType "team-tourn"]
[EventCountry "GRE"]
[SourceTitle "playchess.com"]
[Source "ChessBase"]
[SourceQuality "1"]
[WhiteTeam "Echternach"]
[BlackTeam "Dardania"]

1. d4 d5 2. Nf3 Nf6 3. Bf4 e6 4. c3 Bd6 5. Bxd6 Qxd6 6. g3 O-O 7. Bg2 b6 8. O-O Nbd7 9. Nbd2 Bb7 10. Re1 c5 11. e3 Rfe8 12. Qc2 Rac8 13. Rad1 e5 14. Bh3 cxd4 15. exd4 e4 16. Ne5 Rc7 17. Nxd7 Nxd7 18. f3 Qh6 19. Bf5 Nf6 20. fxe4 dxe4 21. Bxe4 Rce7 22. Bxb7 Rxe1+ 23. Rxe1 Rxe1+ 24. Nf1 Qe3+ 25. Qf2 Ng4 26. Qxe3 Nxe3 27. Kf2 Rxf1+ 28. Kxe3 Rb1 29. b4 Rb2 30. Bd5 Rxh2 31. c4 Kf8 32. c5 Ke7 33. Bb3 f5 34. d5 b5 35. d6+ Kd7 36. Kf4 g6 37. Ke5 Re2+ 38. Kf6 Re4 39. Bg8 f4 40. Bd5 Rxb4 41. Be6+ Kc6 42. Bd5+ Kxd5 43. d7 fxg3 44. d8=Q+ Kxc5 45. Qe7+ Kc4 46. Qe4+ Kc3 47. Qe1+ Kc4 48. Qe4+ Kc5 49. Qe7+ 1/2-1/2

[Event "34th European Club Cup 2018"]
[Site "Halkidiki"]
[Date "2018.10.16"]
[Round "5"]
[White "Ledger, Stephen C"]
[Black "Nahkur, Madis"]
[Result "1-0"]
[WhiteElo "2020"]
[BlackElo "2013"]
[Annotator "NA RC"]
[PlyCount "125"]
[EventDate "2018.10.12"]
[EventType "team-tourn"]
[EventCountry "GRE"]
[SourceTitle "playchess.com"]
[Source "ChessBase"]
[SourceQuality "1"]
[WhiteTeam "Blackthorne"]
[BlackTeam "Reval"]

1. d4 Nf6 2. Bg5 e6 3. Nf3 Be7 4. e3 b6 5. Nbd2 Bb7 6. Bd3 O-O 7. O-O c5 8. c3 d5 9. Ne5 Ne4 10. Bxe7 Qxe7 11. f3 Nxd2 12. Qxd2 f6 13. Ng4 Nd7 14. Rae1 e5 15. dxe5 fxe5 16. c4 e4 17. Be2 h5 18. Nf2 Ne5 19. fxe4 dxe4 20. Nh3 Nf3+ 21. gxf3 exf3 22. Bxf3 Rxf3 23. Rxf3 Bxf3 24. Rf1 Bc6 25. Qf2 h4 26. Qf4 Re8 27. e4 Qxe4 28. Qf7+ Kh8 29. Qf8+ Rxf8 30. Rxf8+ Kh7 31. Ng5+ Kg6 32. Nxe4 Bxe4 33. Rf4 Bb1 34. Rxh4 Bxa2 35. Kf2 Kf5 36. Ke3 g5 37. Rh7 Bxc4 38. Rxa7 Bd5 39. Ra6 b5 40. Rb6 Ke5 41. Rxb5 Kd6 42. Rb8 Ke5 43. Re8+ Kd6 44. Rh8 Bf7 45. Rh6+ Ke5 46. Rc6 c4 47. Rc5+ Kf6 48. Kd4 g4 49. Rxc4 Bxc4 50. Kxc4 Kg5 51. b4 Kh4 52. b5 Kh3 53. b6 Kxh2 54. b7 g3 55. b8=Q Kh1 56. Kd3 Kg2 57. Ke2 Kh1 58. Qh8+ Kg2 59. Qh4 Kg1 60. Qxg3+ Kh1 61. Qg8 Kh2 62. Kf2 Kh1 63. Qg2# 1-0

[Event "34th European Club Cup 2018"]
[Site "Halkidiki"]
[Date "2018.10.16"]
[Round "5"]
[White "Christensen, Esben"]
[Black "Van Dommelen, Martin"]
[Result "0-1"]
[WhiteElo "2017"]
[BlackElo "2177"]
[Annotator "TA"]
[PlyCount "70"]
[EventDate "2018.10.12"]
[EventType "team-tourn"]
[EventCountry "GRE"]
[SourceTitle "playchess.com"]
[Source "ChessBase"]
[SourceQuality "1"]
[WhiteTeam "Bronshoj"]
[BlackTeam "Apeldoorn"]

1. e4 d6 2. Bc4 Nf6 3. d3 c6 4. Bb3 Nbd7 5. c3 e5 6. Nf3 Nc5 7. Bc2 Be7 8. O-O Bg4 9. Re1 Ne6 10. h3 Bh5 11. Nbd2 Nf4 12. Nf1 g5 13. Ng3 Rg8 14. d4 Qc7 15. Bxf4 Bxf3 16. Qxf3 gxf4 17. Nf5 O-O-O 18. b4 Rg6 19. Kh1 Rdg8 20. Rg1 Bf8 21. Bb3 d5 22. Bc2 dxe4 23. Bxe4 exd4 24. Nxd4 Nxe4 25. Qxe4 Bg7 26. Rad1 Be5 27. Rd3 Kb8 28. a4 Qe7 29. a5 Qf6 30. a6 Bxd4 31. Rxd4 f3 32. g3 bxa6 33. Rgd1 Qe6 34. Qf4+ Kc8 35. Rd6 Qxh3+ 0-1

[Event "34th European Club Cup 2018"]
[Site "Halkidiki"]
[Date "2018.10.16"]
[Round "5"]
[White "Drent, Sjoerd"]
[Black "Vozinaki, Anthi - Maria"]
[Result "0-1"]
[WhiteElo "2001"]
[BlackElo "2022"]
[Annotator "NA RC"]
[PlyCount "72"]
[EventDate "2018.10.12"]
[EventType "team-tourn"]
[EventCountry "GRE"]
[SourceTitle "playchess.com"]
[Source "ChessBase"]
[SourceQuality "1"]
[WhiteTeam "En Passant"]
[BlackTeam "Chania CA"]

1. c4 c5 2. Nc3 Nc6 3. g3 e6 4. Bg2 Nge7 5. Nf3 d5 6. cxd5 exd5 7. d4 cxd4 8. Nxd4 g6 9. Nxc6 bxc6 10. Qd4 Rg8 11. O-O Bg7 12. Qa4 Bd7 13. Bg5 f6 14. Bf4 Qb6 15. Qa3 f5 16. Bd6 Nc8 17. Bc5 Qb7 18. Rad1 Be6 19. f3 Rb8 20. Na4 Nb6 21. Qe3 Kf7 22. Nxb6 axb6 23. Bd4 Bxd4 24. Qxd4 c5 25. Qh4 Kg7 26. e4 d4 27. exf5 Bxf5 28. f4 Qd7 29. h3 h5 30. Rfe1 Rge8 31. Re5 d3 32. b3 Qd4+ 33. Kh2 Rxe5 34. fxe5 Qxh4 35. gxh4 Rd8 36. Rd2 b5 0-1

[Event "34th European Club Cup 2018"]
[Site "Halkidiki"]
[Date "2018.10.16"]
[Round "5"]
[White "Adams, Philip"]
[Black "Gorodetzky, Matan"]
[Result "0-1"]
[WhiteElo "1980"]
[BlackElo "2221"]
[Annotator "TA"]
[PlyCount "58"]
[EventDate "2018.10.12"]
[EventType "team-tourn"]
[EventCountry "GRE"]
[SourceTitle "playchess.com"]
[Source "ChessBase"]
[SourceQuality "1"]
[WhiteTeam "Oldham"]
[BlackTeam "Rehovot"]

1. Nf3 d5 2. g3 Nf6 3. Bg2 e6 4. O-O c5 5. c4 Nc6 6. d4 Be7 7. dxc5 Bxc5 8. a3 Ne4 9. b4 Be7 10. Bb2 Bf6 11. Qc2 dxc4 12. Nc3 Nd6 13. Rad1 Qc7 14. Rd2 O-O 15. Rfd1 Rd8 16. b5 Ne7 17. Rxd6 Rxd6 18. Rxd6 Qxd6 19. Ne4 Qc7 20. Bxf6 gxf6 21. Nxf6+ Kf8 22. Qxh7 Nd5 23. Qh8+ Ke7 24. Nxd5+ exd5 25. Ne5 Bf5 26. Qxa8 c3 27. Qh8 c2 28. Qh4+ f6 29. Qb4+ Ke6 0-1

[Event "34th European Club Cup 2018"]
[Site "Halkidiki"]
[Date "2018.10.16"]
[Round "5"]
[White "Ferraro, Pietro"]
[Black "Marhoefer, Daniel"]
[Result "0-1"]
[WhiteElo "1951"]
[BlackElo "1773"]
[Annotator "NA RC"]
[PlyCount "84"]
[EventDate "2018.10.12"]
[EventType "team-tourn"]
[EventCountry "GRE"]
[SourceTitle "playchess.com"]
[Source "ChessBase"]
[SourceQuality "1"]
[WhiteTeam "Lazio ASD"]
[BlackTeam "Dublin"]

1. e4 c5 2. b4 cxb4 3. a3 d5 4. exd5 Qxd5 5. Nf3 Nc6 6. c4 bxc3 7. Nxc3 Qa5 8. Bb5 Bd7 9. O-O Nf6 10. Qb3 e6 11. d4 Be7 12. Bd2 Qd8 13. Rac1 O-O 14. Rfe1 Re8 15. Bg5 a6 16. Bd3 Na5 17. Qa2 Bc6 18. Bxf6 Bxf6 19. Qc2 g6 20. Ne4 Bxd4 21. Neg5 Bf6 22. Ne4 Bg7 23. h4 Rc8 24. Qb1 f5 25. Neg5 Bd5 26. Re3 Rxc1+ 27. Qxc1 e5 28. Bb1 e4 29. Nh2 Bd4 30. Re2 Qb6 31. g3 e3 32. f4 Bc4 33. Qc2 Bxe2 34. Ba2+ Kg7 35. Qxe2 Qb2 36. Qxb2 Bxb2 37. Nhf3 Bxa3 38. Ne5 Re7 39. Kf1 Nc6 40. Nd3 Nd4 41. Kg2 e2 42. Ne1 Bb4 0-1

[Event "34th European Club Cup 2018"]
[Site "Halkidiki"]
[Date "2018.10.16"]
[Round "5"]
[White "Nilsson, Lars Kjoller"]
[Black "Varnam, Liam D"]
[Result "0-1"]
[WhiteElo "1948"]
[BlackElo "2089"]
[Annotator "NA RC"]
[PlyCount "84"]
[EventDate "2018.10.12"]
[EventType "team-tourn"]
[EventCountry "GRE"]
[SourceTitle "playchess.com"]
[Source "ChessBase"]
[SourceQuality "1"]
[WhiteTeam "Hillerod"]
[BlackTeam "Grantham"]

1. e4 c5 2. Nf3 Nc6 3. d4 cxd4 4. Nxd4 Nf6 5. Nc3 e5 6. Ndb5 d6 7. Nd5 Nxd5 8. exd5 Nb8 9. a4 a6 10. Nc3 Be7 11. Be2 O-O 12. Be3 f5 13. f4 Bf6 14. a5 exf4 15. Bxf4 Re8 16. O-O b5 17. Qd2 Qc7 18. Bf3 Nd7 19. Rae1 Ne5 20. Bxe5 Bxe5 21. Nd1 Bd7 22. Rf2 Qc5 23. b4 Qd4 24. Ref1 Rac8 25. c3 Qxd2 26. Rxd2 Bxc3 27. Nxc3 Rxc3 28. Rd4 Re5 29. h4 g6 30. Kf2 Rc2+ 31. Kg3 h6 32. Rfd1 g5 33. hxg5 hxg5 34. R1d2 f4+ 35. Kf2 Rc8 36. Be4 Kf7 37. Bb1 Re3 38. Be4 Kf6 39. Bf3 Ke5 40. Bh5 g4 41. Rd1 Rh8 42. g3 Rf3+ 0-1

[Event "34th European Club Cup 2018"]
[Site "Halkidiki"]
[Date "2018.10.16"]
[Round "5"]
[White "Mathioulakis, Fanis"]
[Black "O`brien, George"]
[Result "0-1"]
[WhiteElo "1856"]
[BlackElo "1902"]
[Annotator "NA"]
[PlyCount "82"]
[EventDate "2018.10.12"]
[EventType "team-tourn"]
[EventCountry "GRE"]
[SourceTitle "playchess.com"]
[Source "ChessBase"]
[SourceQuality "1"]
[WhiteTeam "Chania CC"]
[BlackTeam "Ballinasloe"]

1. d4 Nf6 2. Bf4 c5 3. e3 cxd4 4. exd4 e6 5. Nf3 Nd5 6. Bd2 Be7 7. c4 Nf6 8. Nc3 O-O 9. Bd3 b6 10. O-O Bb7 11. h3 d6 12. Qe2 Nbd7 13. Rfe1 Re8 14. Rad1 a6 15. Bf4 Nf8 16. Bb1 Ng6 17. Bh2 Bf8 18. Ng5 d5 19. Qf3 Qd7 20. cxd5 Nxd5 21. Qg3 Red8 22. Nge4 Rac8 23. h4 Nxc3 24. bxc3 Bxe4 25. Rxe4 Bd6 26. Qxd6 Qxd6 27. Bxd6 Rxd6 28. h5 Ne7 29. Rc1 Rdc6 30. Bd3 b5 31. Re3 Nd5 32. Be4 Rxc3 33. Rcxc3 Rxc3 34. Re2 Rc1+ 35. Kh2 Nc3 36. Rc2 Rxc2 37. Bxc2 Nxa2 38. Kg3 Nc3 39. Kf3 b4 40. Ke3 h6 41. Bd3 a5 0-1

[Event "34th European Club Cup 2018"]
[Site "Halkidiki"]
[Date "2018.10.16"]
[Round "5"]
[White "Peoples, Jonathon"]
[Black "Petrakis, Stylianos"]
[Result "1/2-1/2"]
[WhiteElo "1856"]
[BlackElo "2000"]
[Annotator "NA RC"]
[PlyCount "83"]
[EventDate "2018.10.12"]
[EventType "team-tourn"]
[EventCountry "GRE"]
[SourceTitle "playchess.com"]
[Source "ChessBase"]
[SourceQuality "1"]
[WhiteTeam "Ballinasloe"]
[BlackTeam "Chania CC"]

1. c4 Nf6 2. d4 g6 3. Nc3 Bg7 4. e4 d6 5. Nf3 O-O 6. Be2 e5 7. O-O Nc6 8. d5 Ne7 9. b4 Ne8 10. Rb1 f5 11. Ng5 h6 12. Ne6 Bxe6 13. dxe6 c6 14. b5 Qc8 15. bxc6 bxc6 16. Qa4 Nf6 17. c5 d5 18. exd5 Nfxd5 19. Nxd5 Nxd5 20. Bd2 Qxe6 21. Rb7 e4 22. Bc4 f4 23. Rc7 f3 24. h3 fxg2 25. Kxg2 Rf3 26. Bxd5 cxd5 27. Qd7 Qxd7 28. Rxd7 Rd3 29. Bf4 Rc8 30. Rb1 g5 31. Bd6 Rc3 32. Rxg7+ Kxg7 33. Be5+ Kg6 34. Bxc3 Rxc5 35. Bd4 Rc4 36. Rd1 Ra4 37. Bc3 Ra3 38. Bb4 Rxa2 39. Rxd5 e3 40. Be1 exf2 41. Bxf2 a5 42. Rb5 1/2-1/2